1604 1485 1829 1555 1478 1960 1283 1796 1949 1654 1990 1314 1096 1455 1648 1453 1130 1380 1391 1835 1660 1462 1954 1427 1872 1009 1332 1203 1211 1133 1392 1111 1525 1480 1427 1786 1109 1029 1505 1966 1537 1238 1300 1299 1100 1371 1019 1014 1974 1461 1811 1488 1494 1985 1974 1376 1926 1381 1057 1738 1112 1651 1590 1677 1161 1965 1384 1893 1971 1877 1827 1455 1868 1979 1517 1082 1824 1761 1399 1978 1575 1532 1395 1838 1301 1310 1968 1880 1602 1760 1574 1748 1576 1811 1947 1535 1731 1482 1491 BCNSPRNW ULIB Ver.6.0+V

เปลี่ยนเป็นภาษาไทย

Change to English
 แสดงรายละเอียดบรรณานุกรม
  กลับหน้าหลัก

Brief Record : Get Marc (ISO 2709) : E-mail record : QR code < ปิดหน้าต่าง
LEADER : 00000nam 2200000uu 4500
001    13399128859
003     ULIB
008    020711s2566 th a 000 0 tha d
020    ^a9786160047253
050    ^aนว^bค334น
100    ^aคามิเลียสีชมพู
245    ^aนาคาเกี้ยวจันทร์/^cคามิเลียสีชมพู
260    ^aกรุงเทพฯ :^bสถาพรบุ๊คส์,^c2566
300    ^a599 หน้า;^b21 ซม.
650    ^aนวนิยายไทย
945    ^p420^l0^i011118
999    ^aประนอม เกษจรัล
รายการนี้ยังไม่มีแท็ก
คุณยังไม่ได้ล็อกอิน คุณสามารถมีกิจกรรมร่วมกับเว็บไซต์ได้ แต่ต้องล็อกอินก่อน ::
  ล็อกอิน

รายการสื่อสารสนเทศ

ลำดับที่ ประเภท เลขเรียก/บาร์โค้ด สถานที่ สถานะ
1. นวนิยาย
นวนิยาย
นว ค334น ฉ.1 
  Barcode: 011118
ห้องสมุดวิทยาเขตสวรรค์ประชารักษ์
►นวนิยาย
บนชั้น
  ขอยืม

รายการใกล้เคียง
    ผู้แต่ง [คามิเลียสีชมพู]

    หัวเรื่อง [นวนิยายไทย]

BibComment


ยังไม่เคยถูกคอมเมนท์

คอมเมนท์ทรัพยากรรายการนี้
  คอมเมนท์: นาคาเกี้ยวจันทร์..


 Copyright 2026. Bcnsprnw @Library